Mao Tse- Tung on people's democratic dictatorship together with his two speeches delivered at the preparatory committee meeting and the first plenary session of the Chinese people's political consultative conference (Record no. 1078775)
[ view plain ]
| 000 -LEADER | |
|---|---|
| fixed length control field | 01113nam a2200313Ia 4500 |
| 003 - CONTROL NUMBER IDENTIFIER | |
| control field | OSt |
| 005 - DATE AND TIME OF LATEST TRANSACTION | |
| control field | 20221006144030.0 |
| 008 - FIXED-LENGTH DATA ELEMENTS--GENERAL INFORMATION | |
| fixed length control field | 221006b |||||||| |||| 00| 0 eng d |
| 037 ## - SOURCE OF ACQUISITION | |
| Terms of availability | Textual |
| 040 ## - CATALOGING SOURCE | |
| Original cataloging agency | EASL |
| Transcribing agency | EASL |
| Language of cataloging | eng |
| 041 ## - LANGUAGE CODE | |
| Source of code | eng |
| Language code of text/sound track or separate title | eng |
| 100 ## - MAIN ENTRY--PERSONAL NAME | |
| Personal name | MAO Tse-tung |
| 245 #0 - TITLE STATEMENT | |
| Title | Mao Tse- Tung on people's democratic dictatorship together with his two speeches delivered at the preparatory committee meeting and the first plenary session of the Chinese people's political consultative conference |
| 260 ## - PUBLICATION, DISTRIBUTION, ETC. | |
| Place of publication, distribution, etc. | Peking |
| Name of publisher, distributor, etc. | Foreign Languages Press |
| Date of publication, distribution, etc. | 1950 |
| 300 ## - PHYSICAL DESCRIPTION | |
| Extent | 45p. |
| Dimensions | cm. |
| 490 ## - SERIES STATEMENT | |
| Volume/sequential designation | CEL |
| 650 ## - SUBJECT ADDED ENTRY--TOPICAL TERM | |
| Topical term or geographic name entry element | CEL |
| 650 ## - SUBJECT ADDED ENTRY--TOPICAL TERM | |
| Topical term or geographic name entry element | China - THe Chinees Peoples Political Consultative Conference |
| 9 (RLIN) | 650763 |
| 650 ## - SUBJECT ADDED ENTRY--TOPICAL TERM | |
| Topical term or geographic name entry element | China - The preparatory Committeee Meeting |
| 9 (RLIN) | 650764 |
| 650 ## - SUBJECT ADDED ENTRY--TOPICAL TERM | |
| Topical term or geographic name entry element | The First Plenary Sesion |
| 9 (RLIN) | 650765 |
| 650 ## - SUBJECT ADDED ENTRY--TOPICAL TERM | |
| Topical term or geographic name entry element | China - People Democratic Dictatorship |
| 9 (RLIN) | 650766 |
| 942 ## - ADDED ENTRY ELEMENTS (KOHA) | |
| Classification part | W691xM93, J0 |
| Koha item type | Textual |
| Source of classification or shelving scheme | Colon Classification (CC) |
| Withdrawn status | Lost status | Source of classification or shelving scheme | Damaged status | Not for loan | Home library | Current library | Date acquired | Cost, normal purchase price | Serial Enumeration / chronology | Total Checkouts | Full call number | Barcode | Date last seen | Cost, replacement price | Price effective from | Koha item type |
|---|---|---|---|---|---|---|---|---|---|---|---|---|---|---|---|---|
| Colon Classification (CC) | Department of East Asian Studies Library | Department of East Asian Studies Library | 2022-10-06 | 5.00 | CEL | W691xM93 J0 | EAS007941 | 2022-10-06 | 5.00 | 2022-10-06 | Textual |
